000 00674nam a2200229Ia 4500
003 OSt
005 20220926030653.0
006 a|||||r|||| 00| 0
007 ta
008 220923b |||||||| |||| 00| 0 eng d
037 _cGeneral Book
040 _aRTL
_cRTL
_beng
041 _2eng
_aeng
082 _aX6xM83:g, M9
100 _aHALL Peter A Ed.
_9334702
245 0 _aPolitical power of economic ideas
_b Keynesianism accross Nations
260 _aPrinceton
_bPrinceton Universtiy Press
_c1989
300 _aix,406p.
_ccm.
650 _aKeynes
_9231657
942 _hX6xM83:g, M9
_cGB
_2CC
999 _c650489
_d650489